[Event "3rd Amplico AIG Life Q/F"]
[Site "Warsaw POL"]
[Date "2003.12.21"]
[Round "2"]
[White "Zezulkin,J"]
[Black "Socko,B"]
[Result "0-1"]
[WhiteElo "2543"]
[BlackElo "2547"]

1.e4 e6 2.d4 d5 3.Nc3 Bb4 4.e5 Ne7 5.a3 Bxc3+ 6.bxc3 c5 7.Qg4 Kf8 8.h4 Qa5
9.Bd2 Qa4 10.Rh3 Nbc6 11.h5 h6 12.Qf4 Bd7 13.Rb1 b6 14.Rf3 Be8 15.dxc5 Qxf4
16.Rxf4 bxc5 17.Nf3 g5 18.Rg4 Nf5 19.a4 f6 20.exf6 Bxh5 21.Nh2 Rb8 22.Rb5 Kf7
23.f4 Rxb5 24.axb5 Nb8 25.fxg5 Bxg4 26.Nxg4 hxg5 27.c4 d4 28.Bxg5 Nd7 29.Bf4 e5
30.Bd3 e4 31.Be2 Nxf6 32.Ne5+ Ke6 33.Nc6 Rh1+ 34.Kf2 e3+ 35.Kf3  0-1

[Event "24th Open"]
[Site "Bethune FRA"]
[Date "2003.12.26"]
[Round "1"]
[White "Jouglet,F"]
[Black "Jagodzinski,A"]
[Result "0-1"]
[WhiteElo "2011"]
[BlackElo "2177"]

1.e4 e6 2.d4 d5 3.Nc3 Bb4 4.e5 Ne7 5.a3 Bxc3+ 6.bxc3 c5 7.Qg4 Qa5 8.Bd2 O-O
9.Nf3 Nbc6 10.Bd3 f5 11.exf6 Rxf6 12.O-O c4 13.Bxh7+ Kxh7 14.Bg5 Qxc3 15.Qh4+ Rh6
16.Bxh6 gxh6 17.Qf6 Qxc2 18.Qf7+ Kh8 19.Ne5 Qf5 20.Qe8+ Kg7 21.Nxc6 Nxc6
22.Rfe1 Qf7  0-1

[Event "1st Bautista Boschi Masters"]
[Site "Cipolleti ARG"]
[Date "2003.12.26"]
[Round "2"]
[White "Soto,Jor"]
[Black "Rodriguez,And URU"]
[Result "0-1"]
[WhiteElo "2364"]
[BlackElo "2498"]

1.e4 e6 2.d4 d5 3.Nc3 Bb4 4.e5 Ne7 5.Bd2 b6 6.Nf3 Ba6 7.Bxa6 Nxa6 8.Qe2 Nb8
9.O-O O-O 10.Rfd1 Qd7 11.Qd3 h6 12.Ne2 Bxd2 13.Rxd2 c5 14.Nf4 Rc8 15.dxc5 Rxc5
16.Rc1 Qa4 17.Nh5 Nbc6 18.c3 Ng6 19.Qe3 Qg4 20.Ng3 a5 21.h3 Qf4 22.Qe2 b5
23.Nh5 Qc4 24.Qe3 b4 25.Rd3 Rc8 26.Rcd1 Nce7 27.Nd4 Qxa2 28.f4 Qxb2 29.cxb4 axb4
30.Rb3 Rc3 31.Rxb2 Rxe3 32.Rxb4 Re4 33.Rb7 Rc4 34.Nb5 Rc2 35.Nd4 Rc4 36.Nb5 Rb4
37.Ra1 Re2 38.Nf6+ gxf6 39.exf6 Nc8 40.Rc7 Rxb5 41.Ra8 Nxf4 42.Raxc8+ Kh7  0-1

[Event "Christmas Open"]
[Site "Zurich SUI"]
[Date "2003.12.30"]
[Round "7"]
[White "Bojic,Z"]
[Black "Peier,H"]
[Result "1-0"]
[WhiteElo "2127"]
[BlackElo "2098"]

1.e4 e6 2.d4 d5 3.Nc3 Bb4 4.e5 Ne7 5.a3 Bxc3+ 6.bxc3 c5 7.Qg4 Qc7 8.Qxg7 Rg8
9.Qxh7 cxd4 10.Ne2 Nd7 11.cxd4 b6 12.Qd3 a5 13.g3 Ba6 14.Qc3 Qb7 15.Rb1 Rc8
16.Qb2 Rc6 17.Bd2 Qc8 18.c3 Bd3 19.Rc1 Nf5 20.Nf4 Be4 21.Bg2  1-0

[Event "10th Open"]
[Site "Bosnjaci CRO"]
[Date "2004.01.04"]
[Round "3"]
[White "Sulc,D"]
[Black "Drasko,M"]
[Result "0-1"]
[WhiteElo "2287"]
[BlackElo "2467"]

1.e4 e6 2.d4 d5 3.Nc3 Bb4 4.e5 Ne7 5.a3 Bxc3+ 6.bxc3 c5 7.Qg4 O-O 8.Bd3 Nbc6
9.Qh5 Ng6 10.Nf3 Qc7 11.Be3 Nce7 12.O-O c4 13.Bxg6 fxg6 14.Qh3 Bd7 15.g4 b5
16.Qg3 Qa5 17.Bd2 Nc6 18.Rfd1 h6 19.Kg2 Rf7 20.Ng1 Raf8 21.f4 Qb6 22.Ne2 a5
23.Rab1 Qd8 24.Rf1 Qe7 25.Ra1 g5 26.fxg5 Rxf1 27.Rxf1 Rxf1 28.Kxf1 hxg5 29.Bc1 Qf7+
30.Qf2 Qg6 31.Ng3 b4 32.axb4 axb4 33.cxb4 Nxb4 34.c3 Nd3 35.Qe3 Nf4 36.h4 Qc2
37.Qd2 Qb1 38.hxg5 Nd3 39.Ne2 Be8 40.g6 Bxg6 41.Qg5 Kf7 42.Kg2 Be4+ 43.Kg3 Qc2
44.Qd2 Qb1 45.Qe3 Ke8 46.Kh4 Qa2 47.Bd2 Qa7 48.Nc1 Qe7+ 49.Qg5 Qf7 50.Nxd3 cxd3
51.Qf4 Qg6 52.Qg5 Qf7 53.Qf4 Qe7+ 54.Qg5 Qf8 55.Qf4 Qh8+ 56.Kg3 Qh1 57.Qf2 Qd1
58.Kh4 Bf3 59.g5 Bh5  0-1

[Event "Open"]
[Site "Praha CZE"]
[Date "2004.01.20"]
[Round "6"]
[White "Kubecka,D"]
[Black "Kislov,M"]
[Result "0-1"]
[WhiteElo "2191"]
[BlackElo "2360"]

1.e4 e6 2.d4 d5 3.Nc3 Bb4 4.e5 Ne7 5.a3 Bxc3+ 6.bxc3 c5 7.a4 Nbc6 8.Nf3 Bd7
9.Bd3 Qa5 10.Qd2 c4 11.Be2 f6 12.O-O O-O 13.Ba3 Rf7 14.exf6 gxf6 15.Nh4 Kh8
16.f4 Rg8 17.Kh1 Rfg7 18.f5 exf5 19.Bh5 Rg5 20.Qe2 R8g7 21.Bb2 Nc8 22.Bc1 Re7
23.Qf3 Nd6 24.g4 Rg8 25.Ba3 Ne4 26.Nxf5 Bxf5 27.Qxf5 Qxc3 28.Bxe7 Nxe7 29.Qd7 Qh3
30.Qxe7 Ng3+ 31.Kg1 Nxh5 32.Ra3 Qxg4+ 33.Rg3 Qxd4+ 34.Kh1 Nxg3+ 35.hxg3 Rxg3
36.Qf8+ Rg8 37.Qxf6+ Qxf6 38.Rxf6 d4 39.Rd6 d3 40.cxd3 c3  0-1

[Event "Open"]
[Site "Praha CZE"]
[Date "2004.01.21"]
[Round "7"]
[White "Zawadzka,J"]
[Black "Quillan,G"]
[Result "1-0"]
[WhiteElo "2229"]
[BlackElo "2323"]

1.e4 e6 2.d4 d5 3.Nc3 Bb4 4.e5 Ne7 5.a3 Bxc3+ 6.bxc3 c5 7.Qg4 Qc7 8.Qxg7 Rg8
9.Qxh7 cxd4 10.Ne2 Nbc6 11.f4 Bd7 12.Qd3 dxc3 13.Nxc3 a6 14.Rb1 Na5 15.h4 Nf5
16.Rh3 O-O-O 17.h5 Nc4 18.Rb4 b5 19.h6 Rg6 20.h7 Rh8 21.Ne2 Qc5 22.Rh5 Kb8
23.Rb3 Bc6 24.g3 d4 25.a4 Qd5 26.axb5 axb5 27.Rxf5 exf5 28.Nxd4 Kc8 29.Nxc6 Qxc6
30.Qxf5+ Re6 31.Qd3 Nxe5 32.fxe5 Rxe5+ 33.Kf2 Rc5 34.Bh3+ f5 35.Bxf5+ Kb8
36.Bf4+ Ka7 37.Be3 Rf8 38.g4 Kb7 39.Bxc5 Qxc5+ 40.Kg2  1-0

[Event "Itau Cup 450th Ann"]
[Site "Sao Paulo BRA"]
[Date "2004.01.21"]
[Round "6"]
[White "Matsuura,E"]
[Black "Rodriguez,And URU"]
[Result "1/2-1/2"]
[WhiteElo "2460"]
[BlackElo "2485"]

1.e4 e6 2.d4 d5 3.Nc3 Bb4 4.e5 Ne7 5.Bd2 b6 6.Nb5 Bxd2+ 7.Qxd2 O-O 8.c3 Ba6
9.Bd3 c5 10.Nd6 Qd7 11.f4 f5 12.Nf3 Nc8 13.Bxa6 Nxa6 14.O-O Nxd6 15.exd6 cxd4
16.cxd4 Rac8 17.Rae1 Qxd6 18.Qe2 Nc7 19.g3 Qd7 20.Rc1 Rfe8 21.Rc3 Nb5 22.Rxc8 Rxc8
23.Re1 h6 24.Qxe6+ Qxe6 25.Rxe6 Rc4 26.Re8+ Kh7 27.h4 Nxd4 28.Ne5 Rc1+ 29.Kf2 Nc6
30.h5 g5 31.Nxc6 Rxc6 32.Re7+ Kg8 33.Rxa7 d4 34.Ke2 Re6+ 35.Kd3 Re3+ 36.Kxd4 Rxg3
37.Ke5 gxf4 38.Kxf4 Rg4+ 39.Kxf5 Rg5+ 40.Kf6 Rxh5 41.Ra8+ Kh7 42.Ra7+ Kg8
43.Kg6 Rg5+ 44.Kxh6 Rg2 45.b3 Kf8 46.a3 Rb2 47.b4 Ke8 48.Kg6 Kd8 49.Kf6 Kc8
50.Ke6 Rd2 51.b5 Rd4 52.Ke5 Rd3 53.a4 Kb8 54.Rh7 Rd1 55.Rh4 Kb7 56.Rd4 Rh1
57.Rd7+ Kc8 58.Re7 Rd1 59.Re6 Kb7 60.Rd6 Ra1 61.Rd7+ Kc8 62.Rd4 Rh1 63.Kd6 Rh6+
64.Kd5 Kd7 65.Kc4+ Kc7 66.Rf4 Rd6 67.Rf7+ Kb8 68.a5 bxa5 69.Kc5 Rh6 70.b6 a4
71.Kb5 a3 72.Ka6 Rh8 73.Rb7+ Ka8 74.Ra7+  1/2-1/2

[Event "Open"]
[Site "Praha CZE"]
[Date "2004.01.23"]
[Round "9"]
[White "Tscharotschkin,M"]
[Black "Quillan,G"]
[Result "1-0"]
[WhiteElo "2220"]
[BlackElo "2323"]

1.e4 e6 2.d4 d5 3.Nc3 Bb4 4.e5 Ne7 5.a3 Bxc3+ 6.bxc3 c5 7.Nf3 b6 8.Bd3 Ba6
9.O-O Bxd3 10.Qxd3 h6 11.a4 Nd7 12.Ba3 O-O 13.a5 Qc7 14.Rfb1 Nc6 15.a6 Na5
16.dxc5 bxc5 17.Bc1 Rab8 18.Bf4 Rxb1+ 19.Rxb1 Rb8 20.Rxb8+ Qxb8 21.g4 Nc6
22.h4 f6 23.Qg6 Nf8 24.Qxg7+ Kxg7 25.exf6+ Kxf6 26.Bxb8 Nd7 27.Bxa7 Ke7 28.Ne5 Ncxe5
29.Bxc5+ Nxc5 30.a7  1-0

[Event "Itau Cup 450th Ann"]
[Site "Sao Paulo BRA"]
[Date "2004.01.23"]
[Round "8"]
[White "Coelho,L"]
[Black "Burgos,M"]
[Result "1-0"]
[WhiteElo "2401"]
[BlackElo "2154"]

1.e4 e6 2.d4 d5 3.Nc3 Bb4 4.e5 Qd7 5.Qg4 f5 6.Qg3 b6 7.Bd2 Ba6 8.Bxa6 Nxa6
9.Nge2 Bf8 10.Nf4 Nb4 11.Rc1 c5 12.Be3 Nc6 13.Nce2 Rc8 14.O-O c4 15.Qh3 Qf7
16.g4 Nge7 17.Ng3 g6 18.b3 Nd8 19.f3 Bg7 20.gxf5 Nxf5 21.Nxf5 Qxf5 22.Qxf5 gxf5
23.Nh5 Kf7 24.Kf2 Rg8 25.Rg1 Bh8 26.Bg5 Nc6 27.c3 cxb3 28.axb3 a5 29.Ke3 Nxe5
30.dxe5 Bxe5 31.Kd3 Bxh2 32.Rh1 Rxg5 33.Rxh2 e5 34.f4 e4+ 35.Kd4 Rgg8 36.Rh3 Rg2
37.Rg3 Rxg3 38.Nxg3 Rg8 39.Nxf5 Ke6 40.Ne3  1-0

[Event "TCh-FRA Nat1 GpA"]
[Site "Nancy FRA"]
[Date "2004.01.30"]
[Round "1"]
[White "Goloshchapov,A"]
[Black "Adrian,C"]
[Result "1-0"]
[WhiteElo "2572"]
[BlackElo "2318"]

1.e4 e6 2.d4 d5 3.Nc3 Bb4 4.e5 Ne7 5.a3 Bxc3+ 6.bxc3 c5 7.Qg4 Qc7 8.Qxg7 Rg8
9.Qxh7 cxd4 10.Ne2 Nbc6 11.f4 Bd7 12.Qd3 dxc3 13.Qxc3 O-O-O 14.Rb1 Nf5 15.Rg1 d4
16.Qd3 Na5 17.g4 Ba4 18.gxf5 Bxc2 19.Qb5 Rxg1 20.Nxg1 Nb3 21.Rxb3 Bxb3 22.Bd2 Qc2
23.Nf3 d3 24.Qa5 Qd1+ 25.Kf2 Bd5 26.Ng5 exf5 27.Qc5+ Kb8 28.Qe3 Be4 29.Nxf7 Rc8
30.Bxd3 Qh5 31.Bxe4 fxe4 32.Ng5 Qxh2+ 33.Kf1 Rc2 34.Nxe4 Ra2 35.Nf2 Ra1+
36.Ke2 Qh5+ 37.Qf3 Qxf3+ 38.Kxf3 Rxa3+ 39.Kg4 a5 40.f5 Kc7 41.f6 Kd7 42.f7 Ke7
43.e6  1-0

[Event "TCh-FRA Nat1 GpB"]
[Site "Clichy FRA"]
[Date "2004.01.31"]
[Round "2"]
[White "Froeyman,H"]
[Black "Apicella,M"]
[Result "0-1"]
[WhiteElo "2308"]
[BlackElo "2540"]

1.e4 e6 2.d4 d5 3.Nc3 Bb4 4.e5 Ne7 5.a3 Bxc3+ 6.bxc3 c5 7.Qg4 O-O 8.Bd3 f5
9.exf6 Rxf6 10.Bg5 Rf7 11.Qh4 g6 12.Nf3 Nd7 13.O-O c4 14.Be2 Qf8 15.Rfe1 Nf5
16.Qh3 h6 17.Bd2 g5 18.Bf1 Qg7 19.Ne5 Nxe5 20.Rxe5 Nh4 21.Qg3 Bd7 22.Be2 Ng6
23.Re3 Nf4 24.h4 gxh4 25.Qxg7+ Rxg7 26.Bf1 Kh7 27.Kh2 Rf8 28.Rf3 Rgf7 29.Re1 Nh5
30.Rxf7+ Rxf7 31.Be3 Ba4 32.Be2 Nf6 33.f3 Bxc2 34.Kh3 Rg7 35.Rg1 Nh5 36.Bf1 Bf5+
37.Kxh4 Ng3 38.Bf4 Nxf1 39.Rxf1 Rxg2 40.Bd6 Rc2 41.Bb4 b6 42.Rg1 a5 43.Bf8 Bg6
44.Rb1 Rxc3 45.Rxb6 Rxf3 46.Bd6 Bf5  0-1

[Event "9th HIT Open"]
[Site "Nova Gorica SLO"]
[Date "2004.01.31"]
[Round "2"]
[White "Zelcic,R"]
[Black "Zorko,Ju"]
[Result "1-0"]
[WhiteElo "2524"]
[BlackElo "2310"]

1.e4 e6 2.d4 d5 3.Nc3 Bb4 4.e5 Ne7 5.Bd3 c5 6.dxc5 Nd7 7.Nf3 Nc6 8.O-O Bxc3
9.bxc3 Ndxe5 10.Nxe5 Nxe5 11.Bf4 Nxd3 12.cxd3 O-O 13.Bd6 Re8 14.d4 b6 15.f4 f6
16.Re1 Qd7 17.Re3 Qf7 18.Qf3 Bd7 19.Rae1 Qg6 20.h3 h6 21.Kh2 Kh7 22.R3e2 Rac8
23.Re3 Qc2 24.R1e2 Qb1 25.Qh5 bxc5 26.Qf7 Bb5 27.Rg3 Rg8 28.Rxe6 Be8 29.Qxa7 cxd4
30.Re7 Bg6 31.Qxd4 Qf5 32.Bc5 Rce8 33.Rge3 Rxe7 34.Rxe7 Re8 35.Rxe8 Bxe8
36.a4 Bc6 37.a5 Bb5 38.Bd6 Bc4 39.Qa7 Qc8 40.Kg3 Kg8 41.Qe7 Bd3 42.Qe3 Qc4
43.Qd4 Qxd4 44.cxd4 Kf7 45.Kf3 h5 46.Ke3 Ba6 47.f5 Bc8 48.Kd2 Bxf5 49.Kc3 Ke6
50.a6  1-0

[Event "TCh-BEL 2003-4"]
[Site "Belgium BEL"]
[Date "2004.02.01"]
[Round "8"]
[White "Willemze,T"]
[Black "Masternak,G"]
[Result "1/2-1/2"]
[WhiteElo "2268"]
[BlackElo "2376"]

1.e4 e6 2.d4 d5 3.Nc3 Bb4 4.e5 Ne7 5.Nf3 c5 6.Bd2 Nbc6 7.Nb5 Bxd2+ 8.Qxd2 O-O
9.dxc5 Ng6 10.Qe3 f6 11.exf6 Qxf6 12.O-O-O Bd7 13.h4 Nge5 14.Nxe5 Nxe5 15.Qd4 Rac8
16.Rh3 b6 17.Re3 Ng6 18.cxb6 Qxf2 19.Re2 Qxd4 20.Nxd4 e5 21.h5 exd4 22.b7 Rb8
23.hxg6 Bg4 24.gxh7+ Kh8 25.Ree1 Bxd1 26.Rxd1 g6 27.Be2 Rf2 28.Bf3 Rxb7 29.Bxd5 Rc7
30.Be4 d3 31.c3 Kxh7 32.Rxd3 Re7 33.Rd4 Kh6 34.a4 a5 35.Kb1 Rf4 36.Bc6 Rxd4
37.cxd4 Kg5 38.d5 Kf6 39.d6 Re6 40.d7 Ke7 41.Bb5 Re4 42.b3 Kd8 43.Kc2 Re3
44.Kb2 Kc7 45.Kc2 Rg3 46.Bc6 Kd8 47.Kb2 Rg5 48.b4 axb4 49.Kb3 Rc5 50.Be4 Rg5
51.Bc6 Rc5 52.Be4 Kxd7 53.Bxg6 Rg5 54.Bf7 Kc6 55.Kxb4 Rxg2 56.a5 Rb2+ 57.Ka3 Rb1
58.Ka2 Rf1 59.Bg6 Rf2+ 60.Ka1 Kb5 61.Bb1 Kb4 62.a6 Rf6 63.Bd3 Rf7 64.Kb2 Rc7
65.Be4 Re7 66.Bb7 Re2+ 67.Kc1 Kc3 68.Kd1 Ra2 69.Bc8 Rd2+ 70.Ke1 Kd3 71.Bb7 Ra2
72.Kf1 Ke3 73.Kg1  1/2-1/2

[Event "TCh-BEL 2003-4"]
[Site "Belgium BEL"]
[Date "2004.02.01"]
[Round "8"]
[White "Akhayan,R"]
[Black "Laurent,B"]
[Result "1/2-1/2"]
[WhiteElo "2230"]
[BlackElo "2363"]

1.e4 e6 2.d4 d5 3.Nc3 Bb4 4.e5 Ne7 5.Bd2 c5 6.dxc5 O-O 7.Qh5 f5 8.exf6 Rxf6
9.Bd3 h6 10.g4 Bxc5 11.g5 g6 12.Qxh6 Rf7 13.Bxg6 Bxf2+ 14.Ke2 Rg7 15.Bd3 Bc5
16.Nf3 Nbc6  1/2-1/2

[Event "TCh-BEL 2003-4"]
[Site "Belgium BEL"]
[Date "2004.02.01"]
[Round "8"]
[White "Gommers,R"]
[Black "Dgebuadze,A"]
[Result "0-1"]
[WhiteElo "2349"]
[BlackElo "2552"]

1.e4 e6 2.d4 d5 3.Nc3 Bb4 4.e5 Ne7 5.a3 Bxc3+ 6.bxc3 c5 7.Qg4 O-O 8.Bd3 Nbc6
9.Nf3 f5 10.exf6 Rxf6 11.Qh5 h6 12.O-O c4 13.Be2 Qf8 14.a4 Bd7 15.Ba3 Be8
16.Qh4 Rf4 17.Qh3 Qf6 18.Nd2 Qg6 19.Bd1 Rf6 20.f4 Qh7 21.g3 Bg6 22.Ra2 Raf8
23.Re1 Bf5 24.Qg2 g5 25.fxg5 hxg5 26.g4 Be4 27.Nxe4 dxe4 28.Bd6 Rf2 29.Qg3 Qf7
30.Qh3 Rd2 31.Qe3 Qf2+ 32.Qxf2 Rfxf2 33.Bg3 Rg2+ 34.Kh1 Nd5 35.Ra3 a5 36.Bd6 e5
37.Rxe4 Rxh2+ 38.Kg1 Rh6 39.Bf3 Rxd6 40.dxe5 Re6  0-1

[Event "9th HIT Open"]
[Site "Nova Gorica SLO"]
[Date "2004.02.02"]
[Round "5"]
[White "Korneev,O"]
[Black "Kveinys,A"]
[Result "0-1"]
[WhiteElo "2566"]
[BlackElo "2511"]

1.e4 e6 2.d4 d5 3.Nc3 Bb4 4.e5 Ne7 5.a3 Bxc3+ 6.bxc3 c5 7.Qg4 Qc7 8.Qxg7 Rg8
9.Qxh7 cxd4 10.Ne2 Nbc6 11.f4 Bd7 12.Qd3 dxc3 13.Rb1 O-O-O 14.h4 d4 15.h5 Nf5
16.Rg1 Nce7 17.g4 Nh6 18.Bh3 Bc6 19.Rg3 Bd5 20.Nxd4 Bc4 21.Qxc3 Rxd4 22.Qxd4 Nef5
23.Qc3 Nxg3 24.Qxg3 Be2 25.g5 Bxh5 26.Rb3 Kb8 27.Bg2 Qxc2 28.Rxb7+ Kc8 29.Kf1 Be2+
30.Kg1 Qd1+ 31.Kh2 Ng4+ 32.Qxg4 Bxg4 33.Be3 Qe1  0-1

[Event "IV Comunic Masters"]
[Site "Sao Paulo BRA"]
[Date "2004.02.05"]
[Round "2"]
[White "Gonzalez,Bo"]
[Black "Rodriguez,And URU"]
[Result "0-1"]
[WhiteElo "2286"]
[BlackElo "2485"]

1.e4 e6 2.d4 d5 3.Nc3 Bb4 4.e5 Ne7 5.Bd2 b6 6.Nb5 Bxd2+ 7.Qxd2 O-O 8.Nf3 Ba6
9.c3 Qd7 10.Na3 Bxf1 11.Kxf1 c5 12.g3 cxd4 13.cxd4 Rc8 14.Kg2 Qa4 15.Rhc1 Nbc6
16.Nc2 h6 17.b3 Qa6 18.g4 Ng6 19.h4 Qd3 20.Kg3 Qxd2 21.Nxd2 h5 22.f3 hxg4
23.fxg4 Ncxe5 24.dxe5 Rc3+ 25.Nf3 Rac8 26.h5 Ne7 27.Kf4 Rxc2 28.Rxc2 Rxc2
29.Nd4 Rc3 30.Nb5 Rc5 31.Nd4 Nc6 32.Nf3 Rc2 33.a3 Na5 34.Rb1 Rc3 35.Nd2 Rd3
36.Rb2 Nc6 37.Nf3 f6 38.exf6 gxf6 39.Ne1 Ne5 40.g5 Rd1 41.gxf6 Rxe1 42.Rg2+ Kf7
43.Rg7+ Kxf6 44.Rxa7 Rb1  0-1

[Event "FSGM February"]
[Site "Budapest HUN"]
[Date "2004.02.10"]
[Round "4"]
[White "Papp,Ga"]
[Black "Almasi,I"]
[Result "0-1"]
[WhiteElo "2420"]
[BlackElo "2425"]

1.e4 e6 2.d4 d5 3.Nc3 Bb4 4.e5 Ne7 5.a3 Bxc3+ 6.bxc3 c5 7.Qg4 O-O 8.Bd3 Nbc6
9.Qh5 Ng6 10.Nf3 Qc7 11.Be3 c4 12.Bxg6 fxg6 13.Qg4 Bd7 14.h4 Rf5 15.Ng5 Raf8
16.Qe2 h6 17.g4 Rf4 18.Nh3 Rf3 19.Kd2 b5 20.Ng1 R3f7 21.f4 a5 22.h5 b4 23.hxg6 bxc3+
24.Kxc3 Rxf4 25.Bxf4 Rxf4 26.Nf3 Qb6 27.Rad1 Nb4 28.Ra1 Nc6 29.Rad1 Be8 30.g5 Bxg6
31.Rh4 Rf8 32.gxh6 Bxc2 33.Kd2 Bxd1 34.Qxd1 Qb2+ 35.Ke3 Qc3+ 36.Kf2 Nxd4
37.Rxd4 Rxf3+  0-1

[Event "12th Fajr Open"]
[Site "Isfahan IRI"]
[Date "2004.02.10"]
[Round "6"]
[White "Kayumov,S"]
[Black "Mohammadi,H"]
[Result "1-0"]
[WhiteElo "2422"]
[BlackElo "2323"]

1.e4 e6 2.d4 d5 3.Nc3 Bb4 4.e5 b6 5.a3 Bf8 6.Nf3 Qd7 7.b4 c6 8.Rb1 Ba6 9.b5 Bb7
10.a4 c5 11.Bd3 Ne7 12.O-O c4 13.Be2 a6 14.bxa6 Rxa6 15.Ba3 Nc8 16.Bxf8 Rxf8
17.Ng5 h6 18.Nh3 Bc6 19.Nf4 g6 20.Bg4 Ne7 21.Qf3 Rg8 22.Rb2 Nf5 23.Bxf5 gxf5
24.Rfb1 Kd8 25.Rxb6 Rxb6 26.Rxb6 Kc7 27.a5 Rd8 28.Na2 Bb7 29.Qa3 Nc6 30.Qc5 Rb8
31.Nh5  1-0

[Event "FSIM February"]
[Site "Budapest HUN"]
[Date "2004.02.11"]
[Round "5"]
[White "Steiner,B"]
[Black "Fodor,T jr"]
[Result "1-0"]
[WhiteElo "2254"]
[BlackElo "2130"]

1.e4 e6 2.d4 d5 3.Nc3 Bb4 4.e5 b6 5.a3 Bf8 6.Nf3 Ne7 7.Bg5 Qd7 8.Bb5 c6 9.Ba4 Ba6
10.Ne2 Ng6 11.c3 b5 12.Bc2 c5 13.h4 cxd4 14.cxd4 Ne7 15.h5 h6 16.Bf4 Nbc6
17.O-O Nc8 18.Bd3 Nb6 19.Nc3 Na5 20.a4 Nac4 21.Qe2 b4 22.Nb1 Bb7 23.a5 Nc8
24.b3 Na3 25.Nxa3 bxa3 26.a6 Bc6 27.Rfc1 Kd8 28.Bd2 Rb8 29.Ba5+ Ke8 30.b4 Be7
31.b5  1-0

[Event "2nd IM"]
[Site "Nancy FRA"]
[Date "2004.02.17"]
[Round "3"]
[White "Gouliev,N"]
[Black "Nguyen Chi Minh"]
[Result "1/2-1/2"]
[WhiteElo "2453"]
[BlackElo "2375"]

1.e4 e6 2.d4 d5 3.Nc3 Bb4 4.e5 Ne7 5.Qg4 Nf5 6.a3 h5 7.Qd1 Bxc3+ 8.bxc3 b6
9.Nf3 Ba6 10.Bxa6 Nxa6 11.Qd3 Nb8 12.O-O Nc6 13.Bg5 Qd7 14.g3 Na5 15.h3 Nc4
16.a4 Nb2 17.Qa6 Nc4 18.Nd2 Nxd2 19.Bxd2 Ne7 20.Bg5 Nc6 21.f4 Na5 22.Qd3 g6
23.Kg2 Rc8 24.g4 hxg4 25.hxg4 c5 26.Rf3 cxd4 27.cxd4 Rc4 28.Bf6 Rh7 29.Rh3 Rxh3
30.Qxh3 Rxc2+ 31.Kg1 Qc8 32.Qh7 Rc1+ 33.Rxc1 Qxc1+ 34.Kg2 Qc2+ 35.Kg3 Qd3+
36.Kg2 Qe2+ 37.Kg3 Qd3+ 38.Kg2  1/2-1/2

[Event "V Comunic Masters"]
[Site "Sao Paulo BRA"]
[Date "2004.02.18"]
[Round "9"]
[White "Gonzalez,Bo"]
[Black "Rodriguez,And URU"]
[Result "0-1"]
[WhiteElo "2286"]
[BlackElo "2485"]

1.e4 e6 2.d4 d5 3.Nc3 Bb4 4.e5 Ne7 5.Bd2 b6 6.Nb5 Bxd2+ 7.Qxd2 O-O 8.Nf3 Ba6
9.Be2 Qd7 10.Na3 c5 11.c3 Bxe2 12.Qxe2 Nbc6 13.O-O Rfc8 14.Qd2 Nf5 15.g4 Nfe7
16.Ne1 Na5 17.b3 cxd4 18.cxd4 Qc6 19.Nd3 Qc3 20.Qe3 Nc4 21.bxc4 Qxa3 22.c5 Nc6
23.cxb6 axb6 24.Nf4 Qb2 25.Rfd1 Ra3 26.Qd2 Qxd2 27.Rxd2 Na5 28.Rb2 Nc4 29.Rc2 Rca8
30.Kg2 h6 31.h4 R8a4 32.Ne2 Rd3 33.g5 h5 34.Rb1 Raa3 35.g6 fxg6 36.Nf4 Rxd4
37.Nxe6 Rg4+ 38.Kf1 Rh3 39.Rb3 Rh1+ 40.Ke2 Re4+ 41.Kf3 Rhxh4 42.Kg2 Rhg4+
43.Kf1 Rxe5 44.Nc7 Rge4 45.Rd3 Re1+ 46.Kg2 Rg5+ 47.Kh2 Ne5 48.f4 Nxd3 49.fxg5 Re5
50.Rd2 Nf4 51.Kg3 Ne2+ 52.Kf2 Nc3 53.Rd3 Ne4+ 54.Kf1 Rf5+ 55.Ke1 Rxg5 56.Nxd5 b5
57.Nc7 Re5 58.Rd8+ Kh7 59.Rb8 h4 60.Rxb5 h3 61.Kf1 Ng3+ 62.Kf2 Rxb5 63.Nxb5 h2  0-1

[Event "5th Montenegro Open"]
[Site "Sozina SCG"]
[Date "2004.02.22"]
[Round "5"]
[White "Mihaljevic,M"]
[Black "Drasko,M"]
[Result "0-1"]
[WhiteElo "2100"]
[BlackElo "2467"]

1.e4 e6 2.d4 d5 3.Nc3 Bb4 4.e5 Ne7 5.a3 Bxc3+ 6.bxc3 c5 7.Nf3 h6 8.Bd3 b6
9.O-O Ba6 10.Bxa6 Nxa6 11.Qe2 Nb8 12.c4 dxc4 13.dxc5 bxc5 14.Be3 Nd7 15.Qxc4 O-O
16.Rad1 Qc7 17.Bf4 Nb6 18.Qe4 Nbd5 19.Bd2 c4 20.Nd4 Rad8 21.Kh1 c3 22.Bc1 Qc4
23.Rd3 Nf5 24.Rfd1 Nde7 25.f3 Rxd4 26.Rxd4 Nxd4 27.Qxd4 Qxd4 28.Rxd4 Nd5
29.Kg1 Rb8 30.Kf2 Rb2 31.Bxb2 cxb2 32.Rd1 Nc3 33.Rd8+ Kh7 34.Rb8 b1=Q 35.Rxb1 Nxb1
36.a4 a5 37.Ke3 Nc3 38.Kd4 Nxa4 39.Kc4 Nb6+ 40.Kb5 a4 41.Kb4 Kg6 42.f4 Kf5
43.g3 g5 44.c4 gxf4  0-1

[Event "ch-BRA"]
[Site "Rio de Janeiro BRA"]
[Date "2004.02.29"]
[Round "5"]
[White "Van Riemsdijk,H"]
[Black "Campello,L"]
[Result "1-0"]
[WhiteElo "2409"]
[BlackElo "2270"]

1.e4 e6 2.d4 d5 3.Nc3 Bb4 4.e5 Qd7 5.Ne2 b6 6.Nf4 Ba6 7.Bxa6 Nxa6 8.O-O O-O-O
9.Nce2 Nb8 10.Nd3 Nc6 11.a4 Kb8 12.a5 Bf8 13.axb6 cxb6 14.c3 Nge7 15.b4 Rc8
16.Qb3 Ng6 17.Be3 Be7 18.Ra4 Rc7 19.Rfa1 Rhc8 20.Qd1 Nd8 21.Bd2 Qb5 22.Nec1 Nc6
23.Qg4 Nd8 24.f4 Qd7 25.Be1 Rb7 26.Ne2 Bf8 27.Ng3 Ne7 28.Nh5 Nf5 29.Qf3 Qb5
30.g4 Nh6 31.h3 Nc6 32.f5 g6 33.Nf6 gxf5 34.g5 Ng8  1-0

[Event "SFch-NED w"]
[Site "Leeuwarden NED"]
[Date "2004.03.15"]
[Round "3.1"]
[White "Muhren,B"]
[Black "Otten,C"]
[Result "0-1"]
[WhiteElo "2135"]
[BlackElo "2085"]

1.e4 e6 2.d4 d5 3.Nc3 Bb4 4.e5 b6 5.f4 Qd7 6.Nf3 h5 7.Bd3 Ba6 8.O-O Bxd3
9.Qxd3 Nh6 10.Ne2 Be7 11.a4 a5 12.b3 Na6 13.Ba3 Nf5 14.Bxe7 Nxe7 15.Nc3 c6
16.Nd1 Nb4 17.Qd2 g6 18.Nf2 c5 19.Rfd1 O-O-O 20.Qe2 Qa7 21.Qb5 Qa6 22.dxc5 Qxb5
23.axb5 bxc5 24.c3 Nc2 25.Rxa5 Kb7 26.Ng5 Ra8 27.Rxa8 Rxa8 28.Nxf7 Nf5 29.Ng5 Nce3
30.Re1 Re8 31.Nd1 Nxd1 32.Rxd1 Kb6 33.Ra1 Kxb5 34.Kf2 d4 35.cxd4 Nxd4 36.Rb1 Kb4
37.Ne4 Ra8 38.Rb2 Ra3 39.Nd6 Kc3 40.Rb1 Ra2+ 41.Kg3 Nxb3 42.Ne4+ Kd3 43.Ng5 Kc2
44.Rf1 Nd4 45.Ne4 Nf5+ 46.Kh3 Ra3+ 47.g3 c4 48.Nc5 c3 49.Ne4 Kd3 50.Nxc3 Rxc3
51.Ra1 Ke4 52.Ra4+ Kf3 53.Ra6 Nd4 54.Kh4 Rc2 55.Kg5 Rxh2 56.Ra3+ Ke4 57.Kxg6 h4
58.gxh4 Rxh4 59.f5 Rg4+ 60.Kf6 Rf4 61.Ke7 Rxf5 62.Ra1 Rxe5  0-1

[Event "14th Asian Cities"]
[Site "Tagaytay City PHI"]
[Date "2004.03.26"]
[Round "8"]
[White "Mariano,N"]
[Black "Nadera,B"]
[Result "0-1"]
[WhiteElo "2416"]
[BlackElo "2390"]

1.e4 e6 2.d4 d5 3.Nc3 Bb4 4.e5 Ne7 5.a3 Bxc3+ 6.bxc3 c5 7.a4 Qc7 8.Nf3 Nbc6
9.Qd2 b6 10.Be2 Bd7 11.O-O O-O 12.Re1 f6 13.Bd3 fxe5 14.Nxe5 Nxe5 15.Rxe5 Rf6
16.Rh5 h6 17.c4 Raf8 18.f3 Be8 19.Rh3 cxd4 20.Ba3 R8f7 21.Bxe7 Rxe7 22.cxd5 e5
23.a5 b5 24.Qb4 Qd6 25.Qb3 Rc7 26.Rd1 Rc3 27.Qb2 a6 28.Rg3 Bf7 29.Be4 Rc5
30.Rg4 Bxd5 31.Bxd5+ Qxd5 32.Re4 Qc6 33.Re2 Qc7 34.Rde1 Kh8 35.Qa2 Rfc6 36.Qa3 Rf6
37.Qa2 b4 38.Qa4 Rb5 39.Rb1 Qc5 40.Kh1 Rxa5 41.Qe8+ Rf8 42.Qe6 Rf6 43.Qe8+ Kh7
44.Rbe1 Qb5 45.Rxe5 Qxe8 46.Rxe8 Rc6 47.Rb8 Rxc2 48.Rxb4 d3 49.Rd1 d2 50.Rbb1 Rac5  0-1

[Event "TCh-FRA Nat1 GpB"]
[Site "Montpellier FRA"]
[Date "2004.04.01"]
[Round "4"]
[White "Santo Roman,M"]
[Black "Bouhallel,R"]
[Result "1-0"]
[WhiteElo "2394"]
[BlackElo "2302"]

1.e4 e6 2.d4 d5 3.Nc3 Bb4 4.e5 b6 5.a3 Bf8 6.Bb5+ Bd7 7.Bd3 c5 8.Nf3 Nc6
9.O-O a6 10.Re1 Nge7 11.dxc5 bxc5 12.Na4 c4 13.Bf1 Ng6 14.b3 Na7 15.Nb2 cxb3
16.cxb3 Nb5 17.Na4 Be7 18.Be3 O-O 19.Nb6 Rb8 20.a4 Nc7 21.Qd2 Be8 22.Rac1 Na8
23.a5 Nc7 24.Nd4 Ba3 25.Rc2 Be7 26.Rec1 Rb7 27.f4 Ba3 28.Rb1 Be7 29.Bxa6 Rxb6
30.axb6 Nxa6 31.b4 Qb8 32.b5 Nc5 33.Nc6 Bxc6 34.bxc6 Ne4 35.Qa5 Bd8 36.c7 Bxc7
37.Rxc7 d4 38.Bxd4 Nxf4 39.Qe1 Ng5 40.Rc2 h6 41.h4 Nh7 42.b7  1-0

[Event "It U21"]
[Site "Los Llanos ESP"]
[Date "2004.04.03"]
[Round "1"]
[White "Zawadzki,S"]
[Black "Drozdovskij,Y"]
[Result "1/2-1/2"]
[WhiteElo "2426"]
[BlackElo "2511"]

1.e4 e6 2.d4 d5 3.Nc3 Bb4 4.e5 Ne7 5.a3 Bxc3+ 6.bxc3 b6 7.Qg4 Ng6 8.h4 h5
9.Qg3 Ba6 10.Bxa6 Nxa6 11.a4 Nb8 12.Nf3 Nc6 13.Bg5 Qd7 14.O-O Nce7 15.Bxe7 Qxe7
16.a5 b5 17.a6 c6 18.Rfb1 Kf8 19.Rb3 Kg8 20.Qh3 Nf8 21.Ne1 Nd7 22.Nd3 Nb6
23.Nc5 Nc4 24.Qg3 Rh6 25.Qg5 Qxg5 26.hxg5 Rh8 27.g6 Rh6 28.gxf7+ Kxf7 29.Rbb1 Ke7
30.Rd1 Rf8 31.Rd3 g5 32.f3 h4 33.Kh2 h3 34.g4 Nb2 35.Re3 Nc4 36.Rd3 Nb2 37.Re3 Nc4  1/2-1/2

[Event "Open ch-NOR"]
[Site "Oslo NOR"]
[Date "2004.04.07"]
[Round "5"]
[White "Gullaksen,E"]
[Black "Brynell,S"]
[Result "1/2-1/2"]
[WhiteElo "2376"]
[BlackElo "2458"]

1.e4 e6 2.d4 d5 3.Nc3 Bb4 4.e5 Ne7 5.a3 Bxc3+ 6.bxc3 c5 7.Qg4 cxd4 8.cxd4 Qc7
9.Kd1 O-O 10.Bd3 f5 11.exf6 Rxf6 12.Bg5 Rf7 13.Bxe7 Rxe7 14.Qg3 e5 15.dxe5 Qxe5
16.Qxe5 Rxe5 17.f4 Re7 18.Kd2 Nc6  1/2-1/2

[Event "6th Open"]
[Site "Dubai UAE"]
[Date "2004.04.24"]
[Round "6"]
[White "Al Modiahki,M"]
[Black "Kruppa,Y"]
[Result "1-0"]
[WhiteElo "2579"]
[BlackElo "2533"]

1.e4 e6 2.d4 d5 3.Nc3 Bb4 4.e5 b6 5.a3 Bf8 6.Nf3 c6 7.b4 Ne7 8.Bd3 c5 9.bxc5 bxc5
10.dxc5 Nec6 11.O-O Bxc5 12.Bg5 Be7 13.Bxe7 Qxe7 14.Nb5 O-O 15.c4 dxc4 16.Be4 a6
17.Nd6 Ra7 18.Nxc4 a5 19.Qc2 f5 20.exf6 gxf6 21.Nb6 Rc7 22.Rfe1 f5 23.Nxc8 Rfxc8
24.Bxf5 Nd4 25.Nxd4 Rxc2 26.Bxe6+ Kh8 27.Bxc8 Ra2 28.Rac1 Qf8 29.Bf5 Nd7
30.Ne6 Qb8 31.Red1 Qe8 32.h4 Re2 33.Rc7 Rxe6 34.Bxe6  1-0